Statistiken für Voc Medias In Res Lektion 35

Klicken Sie hier um das Quiz zu spielen!

Allgemein

  • Dieses Quiz wurde 9 mal gespielt
  • Das Durchschnittsergebnis liegt bei 7 aus 27

Antwortstatistiken

HintAntwort% Korrekt
visitarebesuchen
83%
immortalisunsterblich
83%
finirebeenden
67%
admiraribewundern
33%
vititiumFehler
33%
vultusGesicht
33%
censeremeinen
33%
ubiqueüberall
33%
admirariadmiratus sum
17%
adspicereadspexi adspectum
17%
adspicereanschauen
17%
efficerebewirken
17%
censerecensui censum
17%
oririentstehen
17%
perferreertragen
17%
inimicusfeindlich
17%
finirefinivi finitum
17%
invidiainvidiae f
17%
invidiaNeid
17%
perferrepertuli perlatum
17%
vetareverbieten
17%
vetarevetui vetitum
17%
visitarevisitavi visitatum
17%
vultusvultus m
17%
efficereeffecti effectum
0%
oririoreris ortus sum
0%
vititiumvititi n
0%

Verteilung der Resultate

Perzentil nach korrekt beantworteten Fragen

Anzahl Personen mit jedem Resultat

Ihre Resultats-Entwicklung

Sie haben dieses Quiz noch nicht gespielt